Carta de sugerencias como producto de la auditora̕ de estados financieros

Detalles Bibliográficos
Formato: eBook
Lenguaje:español
Publicado: Mx̌ico D.F. : Instituto Mexicano de Contadores Pb︢licos, 2011
Materias:
Acceso en línea:http://www.vlex.com/source/7069

MARC

LEADER 00000nam a22000007a 4500
005 20130222143326.0
007 cr|||| ||||
008 130222e2011 mx |||||s|||| 00||0 spa d
020 |a 978-607-7620-83-9 
035 |a 7069 
040 |a vLex 
090 |c 3736  |d 3736 
245 0 0 |a Carta de sugerencias como producto de la auditora̕ de estados financieros  |h [Recurso electrn̤ico] 
256 |a Servicio en ln̕ea 
260 |a Mx̌ico D.F. :  |b Instituto Mexicano de Contadores Pb︢licos,   |c 2011 
300 |a 1 Recurso electrn̤ico 
650 0 4 |a Empresa 
650 0 4 |a Auditora̕s financieras 
740 |a vLex Libros (Servicio en ln̕ea) 
856 |a Acceso restringido  |u http://www.vlex.com/source/7069 
942 |c BOOK 
999 0 |a Finance